000 01585nam a2200229Ia 4500
003 Ost
005 20260507075551.0
008 260507s9999||||xx |||||||||||||| ||und||
020 _a9789957244644
040 _cfsecg
041 _aara
082 _a657.46
100 _aدرويش، عبد الناصر محمد سيد
_eمؤلف
245 0 _aمبادئ المحاسبة المالية(2) :
_bالتسويات الجردية والإفصاح المحاسبي /
_c عبد الناصر محمد سيد درويش
260 _aعمان:
_bدار صفاء للنشر والتوزيع,
_c2010
300 _a456 صفحة؛
_bإيضاحات ؛
_c24 سم
504 _aملاحق ص.373 بيبليوغرافيا:ص.455
520 _aالمعاجة المحاسبية لجرد النقدية- المعالجة المحاسبية لجرد المدينون- المعالجة المحاسبية لجرد أوراق القبض واللوازم- المعالجة المحاسبية لجرد الاستثمارات في الأوراق المالية قصيرة الاجل- المعالجة المحاسبية لجرد مخزون البضاعة- المعالجة المحاسبية لجرد الاصول الثابتة- المعالجة المحاسبية لجرد الاصول غير الملموسة والموارد الطبيعية- المعالجة المحاسبية لجرد الالتزامات وحقوق الملكية- القوائم المالية.
653 _aالمالية العامة- محاسبة
653 _aالمحاسبة التحليلية
942 _cكتاب
999 _c44919
_d44919